Hindutva before Hindutva : (Record no. 1429808)

MARC details
000 -LEADER
fixed length control field 00519nam a2200181Ia 4500
005 - DATE AND TIME OF LATEST TRANSACTION
control field 20250714155642.0
008 - FIXED-LENGTH DATA ELEMENTS--GENERAL INFORMATION
fixed length control field 008 250516s9999 xx 000 0 eng d
020 ## - INTERNATIONAL STANDARD BOOK NUMBER
International Standard Book Number 9781032982496
040 ## - CATALOGING SOURCE
Language of cataloging eng
Transcribing agency SDCL
041 ## - LANGUAGE CODE
Language code of text/sound track or separate title eng
Source of code eng
084 ## - COLON CLASSIFICATION NUMBER
Classification number Q2 R5
100 ## - MAIN ENTRY--PERSONAL NAME
Personal name Sen, Amiya P.
245 #0 - TITLE STATEMENT
Title Hindutva before Hindutva :
Remainder of title Selected writings and discourses of Chandranath Basu in translation
260 ## - PUBLICATION, DISTRIBUTION, ETC.
Place of publication, distribution, etc. London:
Name of publisher, distributor, etc. Routledge,
Date of publication, distribution, etc. 2025.
300 ## - PHYSICAL DESCRIPTION
Extent xiii,225
650 ## - SUBJECT ADDED ENTRY--TOPICAL TERM
Topical term or geographic name entry element Political Science
942 ## - ADDED ENTRY ELEMENTS (KOHA)
Koha item type Textual
Source of classification or shelving scheme Colon Classification (CC)
999 ## -
-- 1429808
-- 1429808
Holdings
Withdrawn status Lost status Source of classification or shelving scheme Damaged status Not for loan Home library Current library Date acquired Source of acquisition Inventory number Total checkouts Full call number Barcode Date last seen Price effective from Koha item type
    Colon Classification (CC)     South Campus Library South Campus Library 2025-05-22 Shivam Book Service 182, 18/02/2025   Q2 R5 SC1691403 2025-05-22 2025-05-22 Textual
Copyright @ Delhi University Library System